000 00811nam a2200241Ia 4500
001 16495
003 GE_BSU
008 181216s||||||||xx |||||||||||||| ||und||
040 _cGE_BSU
080 _a621.3
100 _aХамадулин,Э,Ф
245 _aМетоды и средства измеренний в телекомуникационных системах
245 _bУчеб.пособ. для вузов
260 _aМосква
260 _bЮрайт
260 _c2014
300 _a366стр,илл,21см
541 _h55Л.
653 _aМетоды и средства измеренний в телекомуникационных системах
653 _aТелекомуникация
653 _aტელეკომუნიკაცია
942 _cBK
999 _c49563
_d49563